书目信息 |
| 题名: |
乳与乳制品的生理功能特性
|
|
| 作者: | 顾瑞霞 主编 | |
| 分册: | ||
| 出版信息: | 北京 中国轻工业出版社 2000.01 |
|
| 页数: | 12, 460页 | |
| 开本: | 20cm | |
| 丛书名: | ||
| 单 册: | ||
| 中图分类: | R151.3 | |
| 科图分类: | ||
| 主题词: | 乳制品--ru zhi pin--食物营养 | |
| 电子资源: | ||
| ISBN: | 7-5019-2592-5 | |
| 000 | 00910nam0 2200229 450 | |
| 001 | 012008997775 | |
| 005 | 20080315151712.76 | |
| 010 | @a7-5019-2592-5@dCNY30.00 | |
| 100 | @a20080315d2000 km y0chiy0120 ea | |
| 101 | 0 | @achi |
| 102 | @aCN@b110000 | |
| 105 | @ay z 000yy | |
| 106 | @ar | |
| 200 | 1 | @a乳与乳制品的生理功能特性@Aru yu ru zhi pin de sheng li gong neng te xing@f顾瑞霞主编@Fgu rui xia zhu bian |
| 210 | @a北京@c中国轻工业出版社@d2000.01 | |
| 215 | @a12, 460页@d20cm | |
| 330 | @a本书共三篇,分为14章。第一篇有七章,分别介绍人乳和牛乳各组分的生理功能特性,并对其营养组成如生理功能特性进行了比较;第二篇分三章,分别介绍了加热处理、非加热加工、高压均质对乳的生理功能特性的影响;第三篇为乳制品生理功能特性专题。 | |
| 606 | 0 | @a乳制品@Aru zhi pin@x食物营养 |
| 690 | @aR151.3@v4 | |
| 701 | 0 | @a顾瑞霞@Agu rui xia@4主编 |
| 801 | 0 | @aCN@bQSSK@c20080315 |
| 905 | @b20283634-36@dR151.3@eG507@f3 | |
| 乳与乳制品的生理功能特性/顾瑞霞主编.-北京:中国轻工业出版社,2000.01 |
| 12, 460页;20cm |
| ISBN 7-5019-2592-5:CNY30.00 |
| 本书共三篇,分为14章。第一篇有七章,分别介绍人乳和牛乳各组分的生理功能特性,并对其营养组成如生理功能特性进行了比较;第二篇分三章,分别介绍了加热处理、非加热加工、高压均质对乳的生理功能特性的影响;第三篇为乳制品生理功能特性专题。 |
| ● |
| 相关链接 |
|
|
|
正题名:乳与乳制品的生理功能特性
索取号:R151.3/G507
 
预约/预借
| 序号 | 登录号 | 条形码 | 馆藏地/架位号 | 状态 | 备注 |
| 1 | 283634 | 202836342 | 自科库401/401自科库 104排3列2层/ [索取号:R151.3/G507] | 在馆 | |
| 2 | 283635 | 202836351 | 自科库401/401自科库 104排3列2层/ [索取号:R151.3/G507] | 在馆 | |
| 3 | 283636 | 202836360 | 自科库401/401自科库 104排3列2层/ [索取号:R151.3/G507] | 在馆 |